Foods that are Green by Picture - Statistics

General Stats
  • This quiz has been taken 117 times
  • The average score is 13 of 14
Answer Stats
Picture Answer % Correct
Avocado
99%
Cucumber
99%
Green Apples
99%
Green Grapes
98%
Kiwi Fruit
98%
Broccoli
97%
Green Beans
90%
Brussels Sprouts
88%
Asparagus
87%
Green Bell Peppers
86%
Cabbage
83%
Celery
83%
Mint
82%
Parsley
70%
No matching quizzes found
Score Distribution
Percent of People with Each Score
Percentile by Number Answered
Your Score History
You have not taken this quiz